000 00501nam a2200169 i 4500
001 84045
003 ES-MaACL
005 20251015063106.0
007 t|
008 041119s1915 fr ||||1| fre d
100 1 _aJaurès, Jean,
_d1859-1914
_966196
245 1 2 _aL'organization socialiste de la France
_b: l'armee nouvelle /
_cJean Jaures.
260 _aParis :
_b[s.n.,
_c1915] (
_fL'Emancipatrice)
300 _a559 p. ;
_c20 cm.
852 _aES-MaACL
_jF-3135
999 _c84045
_d84045